000
00337nam a2200145Ia 4500
008
210210b1955 xxu||||| |||| 00| 0 eng d
082
_a
574.5 LIFW
100
_a
LIFE MAGAZINE.
245
_a
World we live in.2V.V2.
260
_a
NY
_b
Time Incorporated
_c
1955
300
_a
210
650
_a
Life
690
_a
Ecology
906
_a
030114
999
_c
81305
_d
81305